| 000 | 01424nam a2200349 i 4500 | ||
|---|---|---|---|
| 003 | EG-GICUC | ||
| 005 | 20260121101453.0 | ||
| 008 | 251212s2005 ua ||||fr|||| 00| 0 ara d | ||
| 017 | _a٢٠٠٥/١٠٦٩١ | ||
| 017 | _a٢٠٠٥/٣٨١ | ||
| 020 | _a99921-1-69-71-0 | ||
| 040 |
_a EG-GICUC _bara _c EG-GICUC _d EG-GICUC _erda |
||
| 041 | 0 | _aara | |
| 082 | 0 | 4 |
_221 _a345.434 _bأ ح . ت |
| 092 | 0 | 4 | _221 |
| 099 | _aLaw1 07 345.434 أ ح . ت 2005 | ||
| 100 | 0 |
_aأحمد بن محمد الحي السليطي _eمؤلف. |
|
| 245 | 1 |
_aترقية الموظف العام بدولة قطر دراسة مقارنة : _bدولة قطر - جمهورية مصر العربية - بريطانيا / _cدكتور أحمد بن محمد الحي السليطي. |
|
| 264 | 1 |
_aالقاهرة : _bدار النهضة العربية، _c2005. |
|
| 300 |
_a447 ؛صفحة _c24 سم. |
||
| 336 |
_2rda content _atext |
||
| 337 |
_2rda media _aComputer |
||
| 338 |
_2rda carrier _aOnline Resource |
||
| 504 | _a.444-426ببليوجرافيا: صفحات | ||
| 504 | _aيشتمل على إرجاعات ببليوجرافية. | ||
| 546 | _aالنص أغلبه باللغة العربية مع بعض النصوص الإنجليزية | ||
| 650 | 1 | 4 | _aالترقيات |
| 650 | 1 | 4 | _aالقانون الإداري |
| 856 | 4 | 0 | _uhttps://fll.law.cu.edu.eg/fulltext/bks/B07-01481.pdf |
| 905 | _a32 | ||
| 942 |
_2ddc _cBK _e21 _n0 |
||
| 999 |
_c49899 _d49899 |
||